[Event "Summer Cup"]
[Site "Wellington Chess Club"]
[Date "2018.02.22"]
[Round "5.20"]
[White "Asher, Bruce"]
[Black "He, Paul"]
[Result "1-0"]
[WhiteElo "1268"]
[BlackElo "1183"]

1. e4 c5 2. Nc3 Nc6 3. Nf3 d6 4. Bb5 Bg4 5. d4 cxd4 6. Qxd4 a6 7. Bxc6+ bxc6 8.
h3 Bxf3 9. gxf3 Nf6 10. Qa4 Qd7 11. Be3 g6 12. O-O-O Bg7 13. e5 Nd5 14. exd6
Nxc3 15. bxc3 exd6 16. Qe4+ Kd8 17. Bd4 Bh6+ 18. Kb1 Kc7 19. Bxh8 Rxh8 20. Qd4
Rb8+ 21. Ka1 f5 22. Qa7+ Rb7 23. Qxa6 Bg7 24. Qa5+ Kc8 25. Rb1 Ra7 26. Qb4 Qc7
27. Rhe1 c5 28. Re8+ Kd7 29. Qb5+ 1-0

[Event "Summer Cup"]
[Site "Wellington Chess Club"]
[Date "2018.03.01"]
[Round "6.01"]
[White "Dive, Russell"]
[Black "Croad, Nicolas"]
[Result "1-0"]
[WhiteElo "2443"]
[BlackElo "2407"]

1. Nf3 Nf6 2. c4 g6 3. g3 Bg7 4. Bg2 O-O 5. O-O d6 6. Nc3 Nc6 7. d4 a6 8. Ne1
Rb8 9. Nc2 Bd7 10. a4 e5 11. d5 Ne7 12. e4 Kh8 13. b4 a5 14. bxa5 Ra8 15. Ba3
Rxa5 16. Bb4 Ra6 17. c5 Nh5 18. Ne3 f5 19. Nc4 Nc8 20. Nb5 Bxb5 21. axb5 Rxa1
22. Qxa1 fxe4 23. cxd6 Nxd6 24. Nxd6 cxd6 25. Bxe4 Qb6 26. Qa3 Qxb5 27. Bxd6
Rc8 28. Rb1 Qd7 29. Bf3 Nf6 30. Bxe5 Qf5 31. Re1 Re8 32. Qc3 h5 33. Kg2 Kh7 34.
Bxf6 Rxe1 35. Bxg7 Qb1 36. Qf6 Rg1+ 37. Kh3 Qf1+ 38. Kh4 Qxf2 39. Kh3 Qf1+ 40.
Kh4 Qc4+ 41. Qd4 Qc1 42. Bf8 g5+ 43. Kxh5 Qc7 44. Be4+ Kg8 45. Qxg1 Kxf8 46.
Qf2+ Kg7 47. Qf5 1-0

[Event "Summer Cup"]
[Site "Wellington Chess Club"]
[Date "2018.03.01"]
[Round "6.02"]
[White "Ker, Anthony"]
[Black "Timergazi, Layla"]
[Result "1-0"]
[WhiteElo "2461"]
[BlackElo "2133"]

1. e4 c6 2. c4 d5 3. cxd5 cxd5 4. exd5 Qxd5 5. Nc3 Qa5 6. Nf3 Nc6 7. d4 Bg4 8.
h3 Bxf3 9. Qxf3 Nxd4 10. Qxb7 Qe5+ 11. Be3 Rb8 12. Qa6 Nc2+ 13. Kd2 Nxa1 14.
Bb5+ Kd8 15. Rd1 1-0

[Event "Summer Cup"]
[Site "Wellington Chess Club"]
[Date "2018.03.01"]
[Round "6.04"]
[White "Brockway, Andrew"]
[Black "Sellen, Ian"]
[Result "1/2-1/2"]
[WhiteElo "1915"]
[BlackElo "2067"]

1. e4 e6 2. d4 d5 3. Nd2 Nf6 4. e5 Nfd7 5. Bd3 c5 6. c3 Nc6 7. Ne2 cxd4 8. cxd4
f6 9. exf6 Nxf6 10. Nf3 Bd6 11. Bf4 Qc7 12. Bxd6 Qxd6 13. O-O O-O 14. a3 Bd7
15. Ng3 Be8 16. Re1 Bf7 17. Ne5 Rae8 18. Rc1 Nd7 19. Ng4 Qf4 20. Bb5 h5 21.
Bxc6 bxc6 22. Ne5 Nxe5 23. Rxe5 Bg6 24. f3 h4 25. Ne2 Qh6 26. h3 Bf5 27. Kh2
Rc8 28. Rc3 Qf6 29. Qc1 c5 30. Rxc5 Rxc5 31. Qxc5 Bd3 32. Qc3 Qg6 33. Qd2 Bf5
34. Qc3 {Draw agreed (White was running short of time)} 1/2-1/2

[Event "Summer Cup"]
[Site "Wellington Chess Club"]
[Date "2018.03.01"]
[Round "6.05"]
[White "Rossiter, Philip"]
[Black "Jackson, Ross"]
[Result "1/2-1/2"]
[WhiteElo "1969"]
[BlackElo "2013"]

1. d4 d5 2. c4 e6 3. Nc3 c6 4. e3 Nf6 5. Bd3 dxc4 6. Bxc4 b5 7. Bd3 Bb7 8. Nf3
a6 9. O-O c5 10. dxc5 Bxc5 11. Qe2 Nbd7 12. Bd2 O-O 13. Rfd1 Qb6 14. Rac1 Rfd8
15. a3 Bxf3 16. gxf3 Ne5 17. Bb1 Rd7 18. Ne4 Nxe4 19. Bxe4 Rad8 20. Bc3 Rxd1+
21. Rxd1 Rxd1+ 22. Qxd1 Ng6 23. Qd2 Qc7 24. Ba5 Bb6 25. Bxb6 Qxb6 26. Qd7 Nf8
27. Qc6 Qa5 28. Qc8 f5 29. Bc2 Qb6 30. b4 Kf7 31. Bb3 a5 32. Qc3 axb4 33. axb4
Qd6 34. Bc2 Ng6 35. f4 Ne7 36. Bd3 Nc6 37. Bxb5 Nxb4 38. Be2 Nd5 39. Qd4 Qe7
40. Bf3 Nf6 41. Kg2 1/2-1/2

[Event "Summer Cup"]
[Site "Wellington Chess Club"]
[Date "2018.03.01"]
[Round "6.06"]
[White "Benitez, Edgar"]
[Black "Wevers, Alexis"]
[Result "1-0"]
[WhiteElo "1819"]
[BlackElo "1614"]

1. d4 Nf6 2. Nf3 c5 3. e3 d5 4. b3 Bg4 5. Bb2 cxd4 6. exd4 e6 7. Bb5+ Nc6 8.
O-O Be7 9. h3 Bh5 10. Nbd2 O-O 11. Be2 Rc8 12. Rc1 Qa5 13. a3 Qb6 14. c4 dxc4
15. Nxc4 Qd8 16. Re1 Nd5 17. g3 a6 18. Nfe5 Bxe2 19. Qxe2 Nxe5 20. dxe5 b5 21.
Ne3 Bc5 22. Nxd5 Qxd5 23. Rc3 Qb7 24. Rec1 Be7 25. Rxc8 Rxc8 26. Rxc8+ Qxc8 27.
Qe4 Qd8 28. Kg2 Qd5 29. Qxd5 exd5 30. f4 Bc5 31. b4 Bb6 32. Bc3 Kf8 33. Kf3 Ke7
34. g4 Ke6 35. f5+ Ke7 36. h4 g6 37. Kf4 gxf5 38. gxf5 h5 39. Kf3 f6 40. exf6+
Kf7 41. Be5 a5 42. Bc3 axb4 43. axb4 d4 44. Bd2 Kxf6 45. Ke4 Ba7 46. Bg5+ Kf7
47. Bf4 Kf6 48. Be5+ Kf7 49. Bxd4 Bb8 50. Be5 Ba7 51. Kf4 Bf2 52. Kg5 Be1 53.
Bd6 Bd2+ 54. Kxh5 Kf6 55. Kg4 Bc3 56. h5 Bd2 57. Bf8 Kf7 58. Bc5 Kf6 59. Bd6
Kf7 60. Kf3 Kf6 61. Ke4 Bh6 62. Be5+ Kf7 63. Kd5 Bf8 64. Bc3 Kg8 65. Kc6 Kh7
66. Bd2 Kg7 67. h6+ Kh7 68. Kxb5 Bxb4 69. Bxb4 Kxh6 70. f6 Kg6 71. Be7 Kf7 72.
Kc5 Ke8 73. Kd6 Kf7 74. Bd8 Ke8 75. Ke6 1-0

[Event "Summer Cup"]
[Site "Wellington Chess Club"]
[Date "2018.03.01"]
[Round "6.07"]
[White "Stoeveken, Peter"]
[Black "Meravanage, Satwik"]
[Result "1-0"]
[WhiteElo "1814"]
[BlackElo "1541"]

1. d4 d5 2. Nf3 Bf5 3. c3 e6 4. Qb3 b6 5. Ne5 Nf6 6. Bg5 Be7 7. e4 Nxe4 8. Bb5+
Kf8 9. Bc6 Bxg5 10. Bxa8 Bh4 11. g3 Qg5 12. Qd1 Bh3 13. Nd2 Qf5 14. Qf3 Nxd2
15. Qxf5 Bxf5 16. Kxd2 Be7 17. g4 Bg5+ 18. Ke2 Bc2 19. c4 Be4 20. f3 f6 21.
fxe4 fxe5 22. exd5 exd5 23. dxe5 d4 24. Rhf1+ Ke7 25. Rf5 Be3 26. Raf1 g6 27.
Rf7+ Ke6 28. Rxc7 Kxe5 29. Bg2 h5 30. gxh5 gxh5 31. h3 Rg8 32. Bd5 Rg3 33. Rh1
Na6 34. Rxa7 Nc5 35. b4 d3+ 36. Kd1 Ne4 37. Re7+ Kd4 38. Rxe4+ Kc3 39. c5 Rg2
40. Rc4+ Kb2 41. Bxg2 1-0

[Event "Summer Cup"]
[Site "Wellington Chess Club"]
[Date "2018.03.01"]
[Round "6.09"]
[White "Winter, Ryan"]
[Black "Chen, Wei Kai"]
[Result "1-0"]
[WhiteElo "1814"]
[BlackElo "1879"]

1. e4 e5 2. Nf3 Nc6 3. d4 exd4 4. Nxd4 Bc5 5. Nb3 Bb6 6. Nc3 Nf6 7. Qe2 d6 8.
Be3 Bg4 9. f3 Be6 10. O-O-O O-O 11. g4 Qe7 12. g5 Nd7 13. f4 f5 14. Bxb6 Nxb6
15. Nd5 Qf7 16. Nxb6 axb6 17. exf5 Qxf5 18. Kb1 Bxb3 19. axb3 Qxf4 20. g6 h6
21. Bg2 Rae8 22. Bd5+ Kh8 23. Qg2 Re5 24. Rdf1 1-0

[Event "Summer Cup"]
[Site "Wellington Chess Club"]
[Date "2018.03.01"]
[Round "6.10"]
[White "He, Caleb"]
[Black "Sole, Michael"]
[Result "0-1"]
[WhiteElo "1485"]
[BlackElo "1801"]

1. e4 c5 2. Nf3 d6 3. d4 cxd4 4. Qxd4 a6 5. c4 Nc6 6. Qd2 Nf6 7. Nc3 g6 8. b3
Bg7 9. Bb2 O-O 10. Be2 Be6 (10... Qa5 11. Rb1 b5)  (10... Bg4)  (10... Rb8) 11.
Nd5 $4 Nxe4 12. Qc2 Bxb2 13. Qxb2 Bxd5 14. cxd5 Qa5+ 15. Kf1 (15. Nd2 Qxd2+ (
15... Qxd5 16. Bf3 f5) 16. Qxd2 Nxd2 17. Kxd2 Nd4) 15... Qxd5 16. Bc4 Qa5 17.
Re1 Qc3 18. Qe2 Nf6 19. h3 d5 20. Bd3 Rfe8 21. g4 e5 22. g5 Nh5 23. Nh2 $2 Nf4
24. Qf3 Qxd3+ 25. Qxd3 Nxd3 26. Re3 Nc5 27. Ng4 Nd7 28. h4 e4 29. h5 Nce5 30.
hxg6 $2 Nxg4 31. gxh7+ Kg7 { White resigns 0-1 } 0-1

[Event "Summer Cup"]
[Site "Wellington Chess Club"]
[Date "2018.03.01"]
[Round "6.12"]
[White "Rabina, Romeo"]
[Black "Hall, Nathan"]
[Result "0-1"]
[WhiteElo "1767"]
[BlackElo "1559"]

1. b3 e6 2. Bb2 b6 3. Nf3 Bb7 4. e3 f5 5. d3 Nf6 6. Nbd2 d6 7. Be2 Be7 8. O-O
O-O 9. Nd4 Qd7 10. Bf3 c6 11. g3 e5 12. Ne2 c5 13. c4 g5 14. Nc3 Na6 15. a3
Bxf3 16. Qxf3 g4 17. Qg2 Nc7 18. Rfe1 Ne6 19. Nd5 Ng5 20. Re2 e4 21. Nxf6+ Bxf6
22. Bxf6 Nf3+ 23. Kf1 exd3 24. Nxf3 dxe2+ 25. Kxe2 gxf3+ 26. Qxf3 Rae8 27. Bc3
b5 28. Rd1 bxc4 29. Qd5+ Qe6 30. bxc4 Qxd5 31. Rxd5 Re6 32. Kf3 h6 33. h3 Kh7
34. Ke2 Kg6 35. Ba5 Rf7 36. Kd3 Rb7 37. Kc2 Rd7 38. Bc3 a5 39. Ba1 a4 40. Bb2
Rb7 41. Bc1 Rb6 42. f3 Re5 43. Rd3 h5 44. h4 Kf7 45. Bd2 Re8 46. Be1 Reb8 47.
Bc3 Ke6 48. Bg7 Rb3 49. Rxb3 Rxb3 0-1

[Event "Summer Cup"]
[Site "Wellington Chess Club"]
[Date "2018.03.01"]
[Round "6.14"]
[White "Stracy, Don"]
[Black "Sole, Christopher"]
[Result "1-0"]
[WhiteElo "1710"]
[BlackElo "1147"]

1. e4 c5 2. Nf3 d6 3. d4 cxd4 4. Nxd4 Nf6 5. Nc3 a6 6. Bg5 e6 7. f4 Qb6 8. Nb3
Nbd7 9. Qf3 h6 10. Bh4 Be7 11. Bf2 Nc5 $2 {Didn't want to give up Queen's
control so pinned it. Arrogant and silly}  ( {Stockfish 8 64 0.00 (depth 25)}
11... Qc7 12. a4 b6 13. Bd3 O-O 14. O-O Bb7 15. Rae1 Rfc8 16. Qg3 Nh5 17. Qf3
Nhf6) 12. Be2 e5 $4 {Was aiming to prevent my Knight from having to be moved
after White does e5 but opened myself to attack with Nxc5.}  ( {Stockfish 8 64
0.42 (depth 25)} 12... Bd7 13. O-O Bc6 14. Qe3 Qc7 15. Nxc5 dxc5 16. Rad1 b5
17. e5 Nd5 18. Nxd5 Bxd5 19. f5 O-O-O 20. fxe6 fxe6 21. Qg3 g5 22. b3 Qc6 23.
c4 Be4 24. Bg4 Kb8 25. cxb5 axb5) 13. h3 ( {Stockfish 8 64 2.44 (depth 25)} 13.
Bxc5 dxc5 14. fxe5 Nh7 15. Nd5 Qd8 16. O-O-O O-O 17. Nf6+ Bxf6 18. Rxd8 Bxd8
19. Nxc5 Ng5 20. Qb3 b6 21. Na4 Nxe4 22. h4 b5 23. Qe3 Bb7 24. Bd3 Ng3 25. Qxg3
bxa4 26. e6 fxe6 27. Qg4)  ( {2.37 (depth 25)} 13. Nxc5 dxc5 14. fxe5 Bg4 15.
Qe3 Bxe2 16. exf6 Bxf6 17. Nxe2 Qxb2 18. O-O O-O 19. c3 Rfe8 20. Bg3 Rad8 21.
e5 Bxe5 22. Bxe5 f6 23. Qxc5 Rxe5 24. Qc7 Rde8 25. Nf4 Qb5 26. Rab1 Qc5+ 27.
Qxc5) 13... O-O ( {Stockfish 8 64 0.69 (depth 25)} 13... exf4 14. Nxc5 dxc5 15.
e5 Nh7 16. O-O-O Be6 17. h4 O-O 18. Qxf4 Rad8 19. Qe4 Rxd1+ 20. Rxd1 Rd8 21.
Nd5 Bxd5 22. Rxd5 Nf8 23. g3 Qg6 24. Bd3 Qxe4 25. Bxe4 Rxd5 26. Bxd5 b5 27. c4
Nd7) 14. O-O ( {Stockfish 8 64 1.90 (depth 25)} 14. fxe5 dxe5 15. Qe3 Be6 16.
Nxc5 Bxc5 17. Qxc5 Qxb2 18. Rb1 Qxc2 19. Qe3 Rac8 20. Rc1 Qb2 21. O-O b5 22.
Bh4 Nd7 23. Nd5 Rxc1 24. Rxc1 Re8 25. Ne7+ Kh8 26. Nf5 Bxa2 27. Nd6 Rb8 28. Rd1
)  ( {1.81 (depth 25)} 14. Nxc5 dxc5 15. fxe5 Nh7 16. O-O-O Qe6 17. Nd5 Qxe5
18. Bg3 Qe6 19. Nxe7+ Qxe7 20. Bd6 Qg5+ 21. Kb1 Re8 22. e5 Qh4 23. g3 Qb4 24.
h4 Be6 25. g4 Rac8 26. g5 Qa5 27. a3 hxg5 28. hxg5) 14... Bd7 ( {Stockfish 8 64
0.68 (depth 25)} 14... Be6 15. fxe5 Nfd7 16. exd6 Bxd6 17. Be3 Qc7 18. Nd4 Be5
19. Rad1 Nf6 20. Bf4 Rfe8 21. Qe3 Rac8 22. Rf3 Bd7 23. Rf2 Na4 24. Nxa4 Bxf4
25. Qxf4 Qxf4 26. Rxf4 Bxa4) 15. Nxc5 dxc5 16. fxe5 Qxb2 $4 ( {Stockfish 8 64
2.02 (depth 25)} 16... Nh7 17. Rad1 Qc6 18. Nd5 Bd8 19. h4 Be6 20. b3 Re8 21.
Qg3 Kh8 22. Be3 Bc7 23. Bh5 Rf8 24. c3 b5 25. Rd2 Rad8 26. c4 Rde8 27. Rdf2 b4
28. Bg4 Bxg4 29. Qxg4 Bxe5 30. Rxf7) 17. exf6 ( {Stockfish 8 64 5.62 (depth
25)} 17. Rab1 Qa3 18. Rxb7 Be6 19. Nd5 Qxf3 20. Nxe7+ Kh8 21. gxf3 Nh5 22. Nd5
g5 23. Rd1 Nf4 24. Nxf4 gxf4 25. Rd6 Rfb8 26. Rxa6 Rg8+ 27. Kh2 Rxa6 28. Bxa6
Rd8 29. Be1 Bxa2 30. Rc7 Rd1 31. Bc3) 17... Bxf6 18. Nd5 Bg5 19. Bxc5 (
{Stockfish 8 64 5.68 (depth 25)} 19. Rab1 Qxc2 20. Bd3 Qa4 21. h4 Bd8 22. Bxc5
Bxh4 23. Nb6 Qc6 24. Rfc1 Bg5 25. Rc2 Rfd8 26. Be7 Bxe7 27. Rxc6 Bxc6 28. Nxa8
Rxa8 29. Bc4 Bf6 30. Bd5 a5 31. Bxc6 bxc6) 19... Qxc2 20. Bxf8 Rxf8 21. Bd3
Qc5+ 22. Qf2 Qxf2+ 23. Kxf2 Rd8 24. Ke2 Be6 25. Nf4 Kf8 $4 1-0

[Event "Summer Cup"]
[Site "Wellington Chess Club"]
[Date "2018.03.01"]
[Round "6.17"]
[White "Kierstead, James"]
[Black "Bennett, Ezra"]
[Result "0-1"]
[WhiteElo "1143"]
[BlackElo "1427"]

1. e4 e5 2. f4 Nf6 3. d3 d5 4. exd5 Qxd5 5. Nc3 Bb4 6. Bd2 Bxc3 7. Bxc3 Nc6 8.
Nf3 exf4 9. Qe2+ Be6 10. Bxf6 gxf6 11. g3 O-O-O 12. Bg2 Bg4 13. Qe4 Rhe8 14.
O-O Rxe4 15. dxe4 Qxe4 16. Nh4 f3 17. Nxf3 Qxc2 18. Nh4 Rd1 19. Bxc6 bxc6 20.
Raxd1 Qxd1 21. Rxd1 Bxd1 22. Ng2 Kd7 23. h3 c5 24. Ne3 Ba4 25. a3 Bb3 26. Kf2
Ke6 27. Ke2 f5 28. Kd2 Ke5 29. Kc3 Be6 30. Nc4+ Bxc4 31. Kxc4 f4 32. gxf4+ Kxf4
33. Kxc5 Kg3 34. Kc6 f5 35. b4 f4 36. Kb7 f3 37. Kxa7 f2 38. a4 f1=Q 39. b5
{Most of this is probably wrong. Black won} 0-1

[Event "Summer Cup"]
[Site "Wellington Chess Club"]
[Date "2018.03.01"]
[Round "6.18"]
[White "Theodosiou, Andreas"]
[Black "Asher, Bruce"]
[Result "0-1"]
[WhiteElo "1479"]
[BlackElo "1268"]

1. d4 d5 2. c4 Nc6 3. Nf3 Nf6 4. Bg5 e6 5. Nc3 h6 6. Bf4 Bb4 7. a3 Bxc3+ 8.
bxc3 O-O 9. e3 Ne4 10. Qc2 b6 11. Bd3 f5 12. cxd5 Qxd5 13. c4 Qa5+ 14. Nd2 Nd6
15. O-O Bb7 16. c5 bxc5 17. dxc5 Nb5 18. Nc4 Qc3 19. Qb1 a6 20. a4 Rfd8 21.
axb5 Rxd3 22. bxc6 Bxc6 23. Ne5 Rd5 24. Nxc6 Rxc5 25. Qb7 Re8 26. Rfc1 Qxc1+
0-1

[Event "Summer Cup"]
[Site "Wellington Chess Club"]
[Date "2018.03.01"]
[Round "6.20"]
[White "Winsley, Nicholas"]
[Black "Zhao, Aiden"]
[Result "1-0"]
[WhiteElo "1000"]
[BlackElo "1291"]

1. e4 e5 2. Nf3 Nc6 3. Bc4 Bc5 4. Nc3 d6 5. h3 Nf6 6. d3 h6 7. O-O O-O 8. Qe2
Be6 9. Bxe6 fxe6 10. Nh2 d5 11. exd5 exd5 12. Ng4 Bd4 13. Re1 Qd6 14. Nb5 Qe7
15. Nxd4 Nxd4 16. Qxe5 Qxe5 17. Rxe5 Nxc2 18. Rb1 Rad8 19. Nxf6+ Rxf6 20. Be3
Nxe3 21. fxe3 Kf7 22. Rf1 d4 23. e4 Rd6 24. Rxf6+ Kxf6 25. Ra5 Ra6 26. Rxa6+
bxa6 27. Kf2 Ke6 28. Kf3 Ke5 29. b4 h5 30. g4 h4 31. g5 Kd6 32. Kf4 g6 33. Kg4
c5 34. bxc5+ Kxc5 35. Kxh4 Kb4 36. Kg4 Kc3 37. e5 Kxd3 38. e6 Kc3 39. e7 d3 40.
e8=Q d2 41. Qe3+ Kc2 42. Qb3+ Kc1 43. Qc3+ Kd1 44. Kf3 Ke1 45. Ke3 1-0

[Event "Summer Cup"]
[Site "Wellington Chess Club"]
[Date "2018.03.15"]
[Round "7.01"]
[White "Dive, Russell"]
[Black "Ker, Anthony"]
[Result "0-1"]
[WhiteElo "2443"]
[BlackElo "2461"]

1. Nf3 c5 2. c4 g6 3. g3 Bg7 4. Bg2 Nc6 5. O-O e5 6. Nc3 Nge7 7. Ne1 d6 8. Nc2
Be6 9. Ne3 Qd7 10. Re1 Bh3 11. Bh1 h5 12. a3 h4 13. b4 hxg3 14. hxg3 O-O-O 15.
Qa4 Kb8 16. Rb1 Bf5 17. Nxf5 Rxh1+ 18. Kxh1 Qxf5 19. Kg2 Rh8 20. Rh1 Rxh1 21.
Kxh1 Qxf2 22. Qd1 Qxg3 23. d3 e4 24. Nxe4 Qh3+ 25. Kg1 Nf5 26. Qf1 Bd4+ 27. e3
Bxe3+ 28. Bxe3 Qxe3+ 29. Kh1 cxb4 30. axb4 Ne5 31. Re1 Qh6+ 32. Kg1 Nd4 33. Ra1
f5 34. Nxd6 {White lost on time (and position)} 0-1

[Event "Summer Cup"]
[Site "Wellington Chess Club"]
[Date "2018.03.15"]
[Round "7.03"]
[White "Timergazi, Layla"]
[Black "Benitez, Edgar"]
[Result "1-0"]
[WhiteElo "2133"]
[BlackElo "1819"]

1. d4 d5 2. c4 e6 3. Nc3 Be7 4. Nf3 Nf6 5. e3 b6 6. Be2 Bb7 7. O-O Nbd7 8. b3
O-O 9. Bb2 Rc8 10. Rc1 Re8 11. Bd3 c5 12. Qe2 cxd4 13. exd4 Bd6 14. Ne5 Nf8 15.
Nb5 Bb8 16. c5 a6 17. c6 Ba8 18. c7 Bxc7 19. Na7 Rb8 20. Bxa6 Bxe5 21. Qxe5 Ng6
22. Qc7 Re7 23. Qxd8+ Rxd8 24. Rc8 Ree8 25. Rfc1 Ne7 26. R8c7 Nf5 27. Nc8 Nd6
28. Nxb6 Rb8 29. Na4 Nde4 30. f3 Nd6 31. Ba3 Nb5 32. Bxb5 Rxb5 33. Rc8 Rb8 34.
Rxb8 Rxb8 35. Bd6 Re8 36. Rc7 h5 37. Be5 Nh7 38. Nb6 f6 39. Bg3 Ng5 40. Rc8
Rxc8 41. Nxc8 Bb7 42. Nd6 Ba6 43. b4 Bd3 44. a4 Nf7 45. Nb7 e5 46. Nc5 Bc4 47.
dxe5 fxe5 48. b5 g5 49. b6 Nd8 50. Bxe5 Nc6 51. b7 Kf7 52. b8=Q Nxb8 53. Bxb8
d4 54. Kf2 Kg6 55. a5 Kf5 56. a6 g4 57. fxg4+ hxg4 58. a7 Bd5 59. g3 Bc6 60.
Bf4 Bd5 61. Nd7 Bc6 62. Nb6 1-0

[Event "Summer Cup"]
[Site "Wellington Chess Club"]
[Date "2018.03.15"]
[Round "7.04"]
[White "Croad, Nicolas"]
[Black "Stoeveken, Peter"]
[Result "1-0"]
[WhiteElo "2407"]
[BlackElo "1814"]

1. d4 d5 2. c4 dxc4 3. Nf3 Nf6 4. e3 Bg4 5. Bxc4 e6 6. h3 Bh5 7. g4 Bg6 8. Ne5
Be4 9. f3 Bd5 10. Bd3 Bd6 11. e4 Bxe5 12. dxe5 Nfd7 13. exd5 Qh4+ 14. Kf1 Nxe5
15. Bb5+ c6 16. dxc6 bxc6 17. Be2 O-O 18. Qe1 Qe7 19. Qg3 Nbd7 20. Bf4 f6 21.
Nc3 g5 22. Be3 h6 23. h4 f5 24. gxf5 Rxf5 25. hxg5 hxg5 26. Kg2 Nf6 27. Bd4 Ng6
28. Be3 Kf7 29. Ne4 Nh4+ 30. Rxh4 gxh4 31. Nd6+ Qxd6 32. Qxd6 Rg8+ 33. Kh2 Nd5
34. Qd7+ Kf6 35. Bd4+ e5 36. Qxc6+ Ke7 37. Bc5+ 1-0

[Event "Summer Cup"]
[Site "Wellington Chess Club"]
[Date "2018.03.15"]
[Round "7.05"]
[White "Sellen, Ian"]
[Black "Winter, Ryan"]
[Result "0-1"]
[WhiteElo "2067"]
[BlackElo "1814"]

1. c4 Nf6 2. Nc3 e6 3. d4 d5 4. Bg5 Be7 5. e3 O-O 6. Nf3 h6 7. Bh4 b6 8. cxd5
Nxd5 { D59 Queen's Gambit Declined: Tartakower Defense, Makogonov Exchange
Variation } 9. Bxe7 Qxe7 10. Nxd5 exd5 11. Be2 Be6 12. Rc1 c5 13. O-O Nd7 14.
a4 Rfc8 15. Qd2 Nf6 16. Ba6 Rc7 17. Qc2 c4 18. b3 Bc8 19. Bxc8 Raxc8 20. bxc4
Rxc4 21. Qb2 Qc7 22. Rxc4 Qxc4 23. Qb5 $6 { (-0.38 ? -1.30) Inaccuracy. Best
move was Qa3. }  (23. Qa3 Qc3 24. Qd6 Qc7 25. Qa3 Ne4 26. Ne5 Nd2 27. Re1 Nc4
28. Nxc4 dxc4 29. Qc3 Qd7) 23... Qxb5 24. axb5 Ne4 25. Ne5 Nc3 26. Nc6 Rc7 27.
Nb4 Rd7 $6 { (-1.47 ? -0.82) Inaccuracy. Best move was f6. }  (27... f6) 28.
Ra1 Nxb5 29. Kf1 Kf8 30. Ke2 Ke7 31. Kd3 Kd6 32. Na6 $6 { (-0.94 ? -1.56)
Inaccuracy. Best move was Rb1. }  (32. Rb1 Nc7 33. Rc1 Ne6 34. Rc6+ Ke7 35. Na6
h5 36. f3 Rd8 37. g3 g5 38. Rc1 Kf6) 32... Rb7 33. Rc1 $6 { (-1.07 ? -1.66)
Inaccuracy. Best move was f3. }  (33. f3 f5 34. h3 g5 35. g3 Nc7 36. Nxc7 Rxc7
37. h4 g4 38. fxg4 fxg4 39. Rf1 Ke6) 33... Nc7 34. Nb4 $6 { (-1.47 ? -2.05)
Inaccuracy. Best move was Nxc7. }  (34. Nxc7 Rxc7 35. Ra1 a5 36. h4 Rc4 37. Rb1
Kc6 38. e4 Rb4 39. Rxb4 dxe4+ 40. Kc4 axb4) 34... a5 35. Nc6 $6 { (-1.85 ?
-2.71) Inaccuracy. Best move was Na2. }  (35. Na2 f6 36. Kc3 b5 37. Kb3 Rb6 38.
h4 Rc6 39. Rxc6+ Kxc6 40. Nc1 Ne8 41. Nd3 Nd6) 35... Na6 $6 { (-2.71 ? -2.11)
Inaccuracy. Best move was f6. }  (35... f6) 36. Ne5 f6 37. Nf3 $6 { (-2.01 ?
-2.56) Inaccuracy. Best move was Ng6. }  (37. Ng6 a4) 37... b5 38. e4 $2 {
(-2.22 ? -3.77) Mistake. Best move was Rc8. }  (38. Rc8 a4 39. Kc2 Ra7 40. Rd8+
Ke7 41. Rg8 Kf7 42. Rd8 Nb4+ 43. Kc3 Nc6 44. Rd6 b4+) 38... Nb4+ 39. Ke3 dxe4
40. Kxe4 $2 { (-2.92 ? -4.56) Mistake. Best move was Nh4. }  (40. Nh4 Nd5+ 41.
Kxe4 Ne7 42. Nf3 a4 43. Nd2 f5+ 44. Kd3 Ra7 45. g4 fxg4 46. Ne4+ Ke6) 40...
Re7+ 41. Kf5 Nd3 $6 { (-4.43 ? -3.81) Inaccuracy. Best move was a4. }  (41...
a4 42. Nd2 Nd3 43. Rc8 Nxf2 44. Rb8 Kc6 45. Nb1 Ne4 46. Kg6 Nd6 47. Nc3 Re3 48.
Na2) 42. Ra1 $2 { (-3.81 ? -5.00) Mistake. Best move was Rb1. }  (42. Rb1 b4)
42... a4 43. Ra2 $2 { (-4.89 ? -6.20) Mistake. Best move was g3. }  (43. g3 Kd5
) 43... Ra7 $2 { (-6.20 ? -4.82) Mistake. Best move was Nb4. }  (43... Nb4 44.
Ra3 Re2 45. Kf4 Nc2 46. Ra2 g5+ 47. Kg3 Nxd4 48. Ra1 Nb3 49. Rb1 b4 50. Ng1)
44. Nd2 $2 { (-4.82 ? -6.30) Mistake. Best move was Ke4. }  (44. Ke4 Nb4 45.
Ra1 Re7+ 46. Kf4 Re2 47. Nh4 Rxf2+ 48. Ke3 Nc2+ 49. Kxf2 Nxa1 50. Nf5+ Kc6)
44... b4 $2 { (-6.30 ? -4.87) Mistake. Best move was Kd5. }  (44... Kd5 45. h4
b4 46. g4 Kxd4 47. f4 a3 48. g5 fxg5 49. hxg5 Kc3 50. gxh6 gxh6 51. Ne4+) 45.
Nc4+ Kc6 46. d5+ $2 { (-4.36 ? -6.88) Mistake. Best move was Ke4. }  (46. Ke4)
46... Kc5 { White resigns. } 0-1

[Event "Summer Cup"]
[Site "Wellington Chess Club"]
[Date "2018.03.15"]
[Round "7.07"]
[White "Brockway, Andrew"]
[Black "Laking, Robert"]
[Result "0-1"]
[WhiteElo "1915"]
[BlackElo "1300"]

1. e4 c5 2. Nc3 Nc6 3. Bb5 e6 4. Bxc6 bxc6 5. f4 Nf6 6. Nf3 d5 7. d3 Be7 8. O-O
O-O 9. Qe1 Rb8 10. Kh1 dxe4 11. dxe4 Ba6 12. Rf2 Qa5 13. h3 c4 14. Ne5 Bb7 15.
Nxc4 Qh5 16. Qe2 Qxe2 17. Rxe2 Ba6 18. b3 Bxc4 19. bxc4 Rb4 20. Ba3 Rb7 21.
Bxe7 Rxe7 22. g4 Nd7 23. Rb1 Nc5 24. Kg2 Rd8 25. Rd1 Rxd1 26. Nxd1 Rd7 27. Nc3
Rd4 28. Kf3 Rxc4 29. Nd1 Kf8 30. e5 Na6 31. c3 Nc7 32. Rb2 a5 33. Rb8+ Ke7 34.
Rh8 h6 35. Rg8 Ne8 36. g5 hxg5 37. fxg5 Ra4 38. Rh8 Rxa2 39. Rh4 Rd2 40. Nf2
Rd5 41. Nd3 0-1